01050nam a2200241 i 450000100060000000300090000600500170001500700030003200800410003508000160007610000280009224502280012026000440034830000450039250400320043765000570046965000490052670000330057570000390060885200220064799900170066995201220068657677ES-MaACL20230906163624.0t|031017s1967 sp ||||1| spa d a940.42(084)1 aDollinger, Hans.94503714aLos últimos cien días en fotografías y documentos : b[la terminación de la Segunda Guerra Mundial en Europa y Asia] / cpor Hans Dollinger ; asesor técnico Hans-Adolf Jacobsen ; [traducción de Antonio Tomás]. aBarcelona : bPlaza & Janés, c[1967] a444 p., 8 lám. : bil. col. ; c25 cm. aBibliografía: p. 433-436. 4aGuerra mundial, 1939-1945-vObras ilustradas.913245 4aGuerra mundial, 1939-1945-vFuentes.91734421 aJacobsen, Hans-Adolf.9658531 aTomás Todolí, Antonio.9110530 aES-MaACLjC-32346 c57677d57677 00104070aATENEOMbATENEOMcDEPO2d2008-01-17eSCl0oC-32346p1060545r2023-02-23 00:00:00w2023-02-23yMONOGRAFIA